Object - Oriented Programming With C++ (Record no. 2680)

MARC details
000 -LEADER
fixed length control field 00395nam a2200157Ia 4500
008 - FIXED-LENGTH DATA ELEMENTS--GENERAL INFORMATION
fixed length control field 221030s9999 xx 000 0 und d
020 ## - INTERNATIONAL STANDARD BOOK NUMBER
ISBN 0070593620
082 ## - DEWEY DECIMAL CLASSIFICATION NUMBER
Classification number 105.23
Item number bal
100 ## - MAIN ENTRY--AUTHOR NAME
Personal name E. Balagurusamy
245 #0 - TITLE STATEMENT
Title Object - Oriented Programming With C++
Statement of responsibility, etc by E. Balagurusamy
250 ## - EDITION STATEMENT
Edition statement 3rd
260 ## - PUBLICATION, DISTRIBUTION, ETC. (IMPRINT)
Name of publisher TMH
Place of publication New Delhi
Year of publication 2006
300 ## - PHYSICAL DESCRIPTION
Number of Pages 614
650 ## - SUBJECT ADDED ENTRY--TOPICAL TERM
Topical Term Computers
942 ## - ADDED ENTRY ELEMENTS (KOHA)
Koha item type Books
Source of classification or shelving scheme Dewey Decimal Classification
Holdings
Accession Number Cost, normal purchase price Full call number Price effective from Koha item type Withdrawn / writtenoff status Materials specified (bound volume or other part) Damaged status Not for loan Permanent Location Current Location Shelving location Date acquired Lost/ Missing status department
M 1178 210.00 105.23 bal 10/30/2022 Books   Print     MIET Library, Jammu MIET Library, Jammu BL-Second, FL-1, CUP-99, SH-45, R-4 11/11/2006   MCA
M 1179 210.00 105.23 Bal 10/30/2022 Books   Print     MIET Library, Jammu MIET Library, Jammu BL-Academic Block- B, FL-2, CUP-99, SH-2, R-2 11/11/2006   MCA
M 1180 210.00 105.23 Bal 10/30/2022 Books   Print     MIET Library, Jammu MIET Library, Jammu BL-Academic Block- B, FL-2, CUP-99, SH-4, R-4 11/11/2006   MCA
M 1181 210.00 105.23 Bal 10/30/2022 Books   Print     MIET Library, Jammu MIET Library, Jammu BL-Academic Block- B, FL-2, CUP-99, SH-4, R-4 11/11/2006   MCA
M 1182 210.00 105.23 Bal 10/30/2022 Books   Print     MIET Library, Jammu MIET Library, Jammu BL-Academic Block- B, FL-2, CUP-99, SH-2, R-2 11/11/2006   MCA
M 1183 210.00 105.23 Bal 10/30/2022 Books   Print     MIET Library, Jammu MIET Library, Jammu BL-Academic Block- B, FL-2, CUP-99, SH-2, R-2 11/11/2006   MCA
BE 8679 200.00 105.23 Bal 10/30/2022 Books   Print     MIET Library, Jammu MIET Library, Jammu BL-Payment Rs. 200, FL-, CUP-17, SH-2014, R-0 11/18/2006   BE
BE 8677 210.00 105.23 Bal 10/30/2022 Books   Print   Not For Loan MIET Library, Jammu MIET Library, Jammu BL-Second, FL-1, CUP-54, SH-1, R-1 11/18/2006   BE
BE 8678 210.00 105.23 Bal 10/30/2022 Books   Print     MIET Library, Jammu MIET Library, Jammu BL-Academic Block C, FL-2, CUP-49, SH-2, R-2 11/18/2006   BE
BE 8680 210.00 105.23 Bal 10/30/2022 Books   Print     MIET Library, Jammu MIET Library, Jammu BL-Acdemic Block C, FL-2, CUP-165, SH-1, R-1 11/18/2006   BE